Plantilla Atlético de Madrid 2024/25 - Estadísticas

Estadísticas generales
  • Esta prueba ha sido intentada 385 veces
  • La puntuación promedio es 18 de 28
Estadísticas de respuestas
POSICIÓN JUGADOR % Correcto
PORTERO Jan Oblak
99%
DEFENSA CENTRAL José María Giménez
91%
DELANTERO Antonie Griezmann
90%
DELANTERO Julián Álvarez
88%
DELANTERO Alexander Sorloth
83%
CARRILERO / MC Marcos Llorente
83%
MEDIOCAMPISTA Pablo Barrios
82%
DEFENSA CENTRAL Robin Lenormand
82%
LATERAL DERECHO Nahuel Molina
78%
DELANTERO Ángel Correa
77%
PORTERO Juan Musso
77%
MEDIOCAMPISTA Rodrigo De Paul
76%
CARRILERO / MC Samuel Lino
75%
DEFENSA CENTRAL Clément Lenglet
68%
DELANTERO Giuliano Simeone
68%
CARRILERO / MC Rodrigo Riquelme
68%
DEFENSA CENTRAL Axel Witsel
66%
MEDIOCAMPISTA Conor Gallagher
63%
DEFENSA CENTRAL Javi Galán
62%
MEDIOCAMPISTA Koke Resurrección
58%
DEFENSA CENTRAL César Azpilicueta
57%
LATERAL IZQUIERDO Reinildo Mandava
50%
MEDIOCAMPISTA Thomas Lemar
44%
PORTERO Antonio Gomis
37%
PORTERO Alejandro Iturbe
34%
DEFENSA CENTRAL Ilias Kostis
31%
MEDIOCAMPISTA Javi Serrano
25%
DELANTERO Borja Garcés
4%
No se encontraron pruebas coincidentes
Distribución de puntuación
Porcentaje de gente con cada puntuación
Porcentaje por número respondido
Historial de tus puntuaciones
No has intentado esta prueba.